[Event "World Blitz 2025"]
[Site "Doha QAT"]
[Date "2025.12.29"]
[Round "12.32"]
[White "Harikrishna, Pentala"]
[Black "Sanal, Vahap"]
[Result "0-1"]
[WhiteTitle "GM"]
[BlackTitle "GM"]
[WhiteElo "2693"]
[BlackElo "2546"]
[WhiteFideId "5007003"]
[BlackFideId "6300545"]
[EventDate "2025.12.29"]

1. e4 d6 2. d4 Nf6 3. Bd3 e5 4. c3 Nbd7 5. Nf3 d5 6. Nbd2 exd4 7. O-O dxc3 8.
bxc3 Nc5 9. e5 Nfe4 10. Qc2 Nxd3 11. Qxd3 Nc5 12. Qe3 Be7 13. Nd4 O-O 14. f4 f5
15. Ba3 Ne6 16. Bxe7 Qxe7 17. N2f3 a6 18. a4 c5 19. Nxe6 Bxe6 20. a5 Bd7 21.
Rfe1 Bc6 22. e6 Rf6 23. Ne5 Re8 24. Nd7 Rxe6 25. Qxe6+ Qxe6 26. Rxe6 Rxe6 27.
Nxc5 Re2 28. Nb3 d4 29. Nxd4 Rxg2+ 30. Kf1 Rxh2 31. Ra3 Be4 32. Rb3 h5 33. Rb6
h4 34. Ne6 Bc6 35. Ng5 h3 36. Ke1 Rh1+ 37. Kf2 Kf8 38. Rb4 Ke7 39. Rd4 Ra1 40.
Nxh3 Rxa5 41. Ke3 Ra3 42. Kd2 Ra2+ 43. Kc1 Be4 44. c4 Ra3 45. Ng5 Rd3 46. Rxd3
Bxd3 47. c5 Be4 48. Kd2 Kd7 49. Kc3 a5 50. Nf7 a4 51. Kb4 Ke6 52. Nd8+ Kd7 53.
Nf7 Ke7 54. Ng5 Bc6 55. Ka3 Kf6 56. Kb4 Kg6 57. Ne6 Kh6 58. Nd4 Bd7 59. Nf3 Kh5
60. Ne5 Be8 61. Nc4 Kg4 62. Nd6 Bc6 63. Ka5 a3 0-1

[Event "World Blitz 2025"]
[Site "Doha QAT"]
[Date "2025.12.29"]
[Round "12.33"]
[White "Pichot, Alan"]
[Black "Paravyan, David"]
[Result "1-0"]
[WhiteTitle "GM"]
[BlackTitle "GM"]
[WhiteElo "2597"]
[BlackElo "2582"]
[WhiteFideId "110973"]
[BlackFideId "4194985"]
[EventDate "2025.12.29"]

1. e4 e5 2. Nf3 Nf6 3. Nc3 Nc6 4. Bb5 Nd4 5. O-O Nxb5 6. Nxb5 Be7 7. Nc3 d5 8.
exd5 Nxd5 9. Re1 Nxc3 10. bxc3 f6 11. d4 O-O 12. Qe2 Qd5 13. dxe5 Bg4 14. h3
Bxf3 15. Qxf3 Qxf3 16. gxf3 fxe5 17. Rxe5 Bf6 18. Rc5 c6 19. Be3 Rad8 20. Rb1
Rd7 21. Kg2 Rc8 22. Rc4 b6 23. a4 Rd5 24. f4 Kf7 25. Kf3 Ke6 26. Bd4 g6 27. Re1+
Kf7 28. Re4 Be7 29. Be3 c5 30. Re5 Rcd8 31. Rce4 Bf6 32. Re6 R8d7 33. c4 Rh5 34.
a5 Rxh3+ 35. Kg2 Rh5 36. axb6 axb6 37. Rxb6 Rf5 38. Kg3 Be7 39. Re5 h5 40. Kf3
Ra7 41. Ke4 Ra4 42. Rxf5+ gxf5+ 43. Kxf5 Rxc4 44. Rh6 Kg7 45. Rxh5 Rxc2 46. Ke6
Bf6 47. Rxc5 Rxc5 48. Bxc5 Bc3 49. f5 Kh6 50. f6 1-0

[Event "World Blitz 2025"]
[Site "Doha QAT"]
[Date "2025.12.29"]
[Round "12.34"]
[White "Quparadze, Giga"]
[Black "Rapport, Richard"]
[Result "0-1"]
[WhiteTitle "GM"]
[BlackTitle "GM"]
[WhiteElo "2502"]
[BlackElo "2741"]
[WhiteFideId "13602250"]
[BlackFideId "738590"]
[EventDate "2025.12.29"]

1. e4 c5 2. Nf3 Nc6 3. Bb5 e6 4. Bxc6 bxc6 5. d3 Ne7 6. Nbd2 Ng6 7. h4 h5 8. e5
d6 9. exd6 Bxd6 10. Ne4 e5 11. Bg5 f6 12. Be3 Bg4 13. Qd2 Rb8 14. O-O-O O-O 15.
Qc3 Be7 16. Nxc5 Qd5 17. Qc4 a5 18. Rde1 Rb4 19. Qxd5+ cxd5 20. c3 Rb5 21. d4
Rc8 22. Nd2 exd4 23. cxd4 Ne5 24. dxe5 Bxc5 25. Bxc5 Rcxc5+ 26. Kb1 Bf5+ 27. Ka1
Rc2 28. Nb3 Rxf2 29. Rhf1 Rxf1 30. Rxf1 Bd3 31. Re1 fxe5 32. Rxe5 a4 33. Nd4 Rc5
34. b4 Rc4 35. Rxd5 a3 36. Nb3 Rxh4 37. Rc5 Be4 38. g3 Rh3 39. Rc1 Rxg3 40. b5
Rh3 41. Nc5 Rh1 42. Rxh1 Bxh1 43. Kb1 h4 0-1

[Event "World Blitz 2025"]
[Site "Doha QAT"]
[Date "2025.12.29"]
[Round "12.35"]
[White "Tabatabaei, M. Amin"]
[Black "Mamedov, Rauf"]
[Result "1-0"]
[WhiteTitle "GM"]
[BlackTitle "GM"]
[WhiteElo "2700"]
[BlackElo "2645"]
[WhiteFideId "12521213"]
[BlackFideId "13401653"]
[EventDate "2025.12.29"]

1. d4 Nf6 2. Nc3 d5 3. Bf4 c5 4. e3 cxd4 5. exd4 g6 6. Nb5 Na6 7. Nf3 Bg7 8. h3
O-O 9. c3 Ne8 10. a4 Nac7 11. Nxc7 Nxc7 12. Be2 Ne6 13. Be3 Qd6 14. Qd2 Bd7 15.
O-O f5 16. Bh6 f4 17. Bxg7 Nxg7 18. Rfe1 Bf5 19. Bd3 Rae8 20. Re2 Bd7 21. a5 Nh5
22. Rae1 Nf6 23. Re5 Bc6 24. Ng5 Bd7 25. Qxf4 Ng4 26. Qg3 Nxe5 27. dxe5 Qc5 28.
Qh4 h6 29. Qxh6 Qxf2+ 30. Kh2 Rf7 31. Nxf7 Qxe1 32. Bxg6 1-0

[Event "World Blitz 2025"]
[Site "Doha QAT"]
[Date "2025.12.29"]
[Round "12.36"]
[White "Sargsyan, Shant"]
[Black "Erdogmus, Yagiz Kaan"]
[Result "0-1"]
[WhiteTitle "GM"]
[BlackTitle "GM"]
[WhiteElo "2665"]
[BlackElo "2658"]
[WhiteFideId "13306766"]
[BlackFideId "44599790"]
[EventDate "2025.12.29"]

1. Nf3 c5 2. e3 Nf6 3. d4 d5 4. Nbd2 Nc6 5. Bb5 cxd4 6. exd4 Bf5 7. c3 a6 8.
Bxc6+ bxc6 9. Qa4 Bd7 10. O-O c5 11. Qd1 e6 12. Ne5 cxd4 13. cxd4 Bb5 14. Re1
Bd6 15. Nb3 Rc8 16. Bg5 h6 17. Bh4 O-O 18. Rc1 g5 19. Bg3 Ne4 20. Rxc8 Qxc8 21.
Ng4 Nxg3 22. hxg3 Kg7 23. Qd2 Bc4 24. Rc1 Qd8 25. Nc5 Qe7 26. b3 Bb5 27. a4 Be8
28. Nxa6 h5 29. Ne5 Rh8 30. Nf3 f6 31. Nc5 h4 32. gxh4 Bf4 33. Qe1 Bxc1 34. Qxc1
gxh4 35. Qf4 h3 36. g4 Bg6 37. g5 Rf8 38. a5 Be4 39. a6 fxg5 40. Qxg5+ Qxg5+ 41.
Nxg5 Rxf2 42. Ngxe4 dxe4 43. a7 Rg2+ 44. Kh1 Ra2 45. Na4 e3 46. a8=Q e2 47. Qb7+
Kh6 48. Qe4 Ra1+ 49. Kh2 e1=Q 50. Qxe1 Rxe1 51. Kxh3 Kg5 52. Nc5 Kf5 53. b4 Rd1
54. b5 Rb1 55. Nb7 Ke4 56. Nd8 Kd5 57. Kg4 Rxb5 58. Kg5 Rb8 59. Nf7 Kxd4 60. Kf6
Kd5 61. Nh6 e5 62. Ng4 e4 63. Ne3+ Kd4 64. Nc2+ Kd3 65. Ne1+ Kd2 0-1

[Event "World Blitz 2025"]
[Site "Doha QAT"]
[Date "2025.12.29"]
[Round "12.37"]
[White "Nogerbek, Kazybek"]
[Black "Matlakov, Maxim"]
[Result "1/2-1/2"]
[WhiteTitle "GM"]
[BlackTitle "GM"]
[WhiteElo "2539"]
[BlackElo "2606"]
[WhiteFideId "13710427"]
[BlackFideId "4168003"]
[EventDate "2025.12.29"]

1. e4 c5 2. c3 Nf6 3. e5 Nd5 4. Bc4 e6 5. d4 d6 6. Nf3 cxd4 7. cxd4 dxe5 8. dxe5
b6 9. Bg5 Qd7 10. Bxd5 Bb4+ 11. Bd2 Qxd5 12. O-O Bxd2 13. Qxd2 Bb7 14. Qxd5 Bxd5
15. Nd4 Nc6 16. Nxc6 Bxc6 17. Nc3 Ke7 18. f4 Rhd8 19. Rfd1 g5 20. fxg5 Rg8 21.
h4 h6 22. g4 hxg5 23. h5 Bf3 24. Rd4 Rgd8 25. Rxd8 Rxd8 26. Kf2 Bxg4 27. Rh1 Bf5
28. h6 Bh7 29. Rg1 f6 30. Nb5 Rd2+ 31. Ke3 Rxb2 32. Nxa7 Rxa2 33. Nc8+ Kf7 34.
Nxb6 Ra3+ 35. Kd4 Rd3+ 36. Kc5 Kg6 37. exf6 Kxf6 38. Nc4 Rd5+ 39. Kb4 Kg6 40.
Re1 Bg8 41. Rh1 e5 42. Ne3 Rd3 43. Re1 Rd4+ 44. Kc5 Rf4 45. Ng2 Rf2 46. Ne3 Rf4
47. Kd6 e4 48. Rh1 Rf3 49. Ng4 Rf5 50. Ne5+ Kh7 51. Ng4 Rf4 52. Rg1 Rf5 53. Rg3
Rf3 54. Rg1 Rf4 55. Ke5 e3 56. Nxe3 Kxh6 57. Nf5+ Kg6 58. Ne7+ Kf7 59. Nxg8 Ra4
60. Nf6 Ra5+ 61. Nd5 Ra2 62. Rxg5 Re2+ 63. Kf5 Rf2+ 64. Nf4 Ke7 65. Ke5 Kd7 66.
Nd3 Rf1 67. Kd5 Ke7 68. Rg6 Rf6 69. Rg1 Rf3 70. Ne5 Ra3 71. Rg7+ Kf6 72. Rf7+
Kg5 73. Nc4 Ra1 74. Ke4 Ra4 75. Rc7 Kf6 76. Kf4 Ke6 77. Rc5 Ra1 78. Ke4 Re1+ 79.
Ne3 Kd6 80. Rc2 Kd7 81. Kd4 Kd6 82. Ra2 Kc6 83. Ra6+ Kb5 84. Rh6 Re2 85. Nc4 Rg2
86. Rb6+ Ka4 87. Ne5 Rh2 88. Kc5 Ka3 89. Nc4+ Ka2 90. Kb4 Kb1 91. Kc3+ Kc1 92.
Re6 Rh3+ 93. Ne3 Kb1 94. Kd3 Kb2 95. Rb6+ Ka3 96. Kd4 Ka4 97. Kc4 Rh4+ 98. Kc3
Ka5 99. Rb3 Ka6 100. Rb1 Rh3 101. Kd4 Ka7 102. Nd5 Rh2 103. Kc5 Rc2+ 104. Kd6
Rc4 105. Rb3 Rc1 106. Nc3 Rh1 107. Ne4 Rh6+ 108. Kc7 Rh7+ 109. Kc6 Rh1 110. Rb7+
Ka8 111. Rg7 Rc1+ 112. Nc5 Rh1 113. Nd3 Rh6+ 114. Kc7 Rf6 115. Nb4 Ka7 116. Rh7
Rg6 117. Nc6+ Ka6 118. Rh5 Rg7+ 119. Kd6 Rg6+ 120. Kc5 Kb7 121. Rh7+ Kc8 122.
Kb6 Rg7 123. Na7+ 1/2-1/2

[Event "World Blitz 2025"]
[Site "Doha QAT"]
[Date "2025.12.29"]
[Round "12.38"]
[White "Gurel, Ediz"]
[Black "Naiditsch, Arkadij"]
[Result "1-0"]
[WhiteTitle "GM"]
[BlackTitle "GM"]
[WhiteElo "2645"]
[BlackElo "2574"]
[WhiteFideId "44507356"]
[BlackFideId "4650891"]
[EventDate "2025.12.29"]

1. e4 c5 2. Nf3 Nc6 3. Bb5 h6 4. c3 g5 5. h3 Bg7 6. d4 Qb6 7. Bxc6 dxc6 8. O-O
g4 9. dxc5 Qxc5 10. Be3 Qa5 11. hxg4 Bxg4 12. Nbd2 Nf6 13. Qb3 O-O 14. Qxb7 Qh5
15. Qxc6 Rac8 16. Qa4 Bxf3 17. Nxf3 Ng4 18. Bf4 e5 19. Bg3 f5 20. exf5 Rxf5 21.
Rad1 Rcf8 22. Qe4 Nf6 23. Qh4 Qe8 24. Qc4+ Kh8 25. Rfe1 e4 26. Nd4 Rd5 27. Qe2
Rg8 28. Bh4 Re5 29. Qe3 Nd5 30. Qd2 Qh5 31. Bg3 Nf6 32. Bxe5 Qxe5 33. Qe2 Qf4
34. Ne6 Qh4 35. g3 Qh3 36. Nf4 Qf5 37. Rd6 Bf8 38. Rxf6 Qxf6 39. Qxe4 Bc5 40.
Kg2 Bd6 41. Nd5 Qg7 42. Qd4 Qxd4 43. cxd4 Rd8 44. Nc3 Kg7 45. f4 Bb4 46. Rd1 Rb8
47. Kf3 Ba5 48. Rd2 h5 49. d5 Kf7 50. Re2 Rd8 51. Re5 Kg6 52. Ne4 Bc7 53. d6
Bxd6 54. Re6+ 1-0

[Event "World Blitz 2025"]
[Site "Doha QAT"]
[Date "2025.12.29"]
[Round "12.39"]
[White "Orozbaev, Eldiyar"]
[Black "Maghsoodloo, Parham"]
[Result "0-1"]
[WhiteTitle "IM"]
[BlackTitle "GM"]
[WhiteElo "2348"]
[BlackElo "2708"]
[WhiteFideId "13802240"]
[BlackFideId "12539929"]
[EventDate "2025.12.29"]

1. e4 c5 2. c3 Nf6 3. e5 Nd5 4. Nf3 e6 5. d4 cxd4 6. cxd4 d6 7. Bc4 dxe5 8. dxe5
b6 9. O-O Bb7 10. Nbd2 Nd7 11. Ne4 Be7 12. Bg5 O-O 13. Qd2 Bxg5 14. Nexg5 a5 15.
Rfd1 Nc5 16. Qc2 g6 17. Ne4 Nxe4 18. Qxe4 Nc3 19. Rxd8 Nxe4 20. Rd4 Rac8 21.
Rad1 Rc7 22. Bd3 Nc5 23. Be2 Bd5 24. b4 Na4 25. bxa5 Nc3 26. Re1 bxa5 27. a3 Rb8
28. Bf1 Rb3 29. Ra1 Rb2 30. Nd2 Rc2 31. Nc4 Nb5 32. Rxd5 exd5 33. Ne3 Rc1 34.
Rxc1 Rxc1 35. Nxd5 Nxa3 36. g4 Nc4 37. Kg2 Nxe5 38. g5 a4 0-1

[Event "World Blitz 2025"]
[Site "Doha QAT"]
[Date "2025.12.29"]
[Round "12.40"]
[White "Esipenko, Andrey"]
[Black "Alexakis, Dimitris"]
[Result "1/2-1/2"]
[WhiteTitle "GM"]
[BlackTitle "GM"]
[WhiteElo "2698"]
[BlackElo "2544"]
[WhiteFideId "24175439"]
[BlackFideId "4277023"]
[EventDate "2025.12.29"]

1. e4 c5 2. Nf3 Nc6 3. d4 cxd4 4. Nxd4 e6 5. Nc3 Qc7 6. Be2 Nf6 7. Ndb5 Qb8 8.
f4 d6 9. Be3 a6 10. Nd4 Be7 11. g4 e5 12. Nf5 Bxf5 13. exf5 d5 14. Nxd5 Nxd5 15.
Qxd5 exf4 16. Bf2 O-O 17. O-O-O Qc7 18. Kb1 Rad8 19. Qb3 Qe5 20. Bf3 Bf6 21. c3
Na5 22. Qa4 Qc7 23. Qb4 b5 24. Qc5 Qb8 25. h4 Nc4 26. g5 Be5 27. Ka1 Rc8 28. Qd5
Rfd8 29. Qb7 Ne3 30. Qxb8 Rxb8 31. Rde1 Nc2+ 32. Kb1 Nxe1 33. Rxe1 Bc7 34. Ba7
Re8 35. Rf1 Rbd8 36. Kc2 Re5 37. f6 gxf6 38. gxf6 Kf8 39. Bd4 Re6 40. Bc5+ Bd6
41. Bd4 Be5 42. Bc5+ Ke8 43. Rg1 Bxf6 44. Bg4 Re5 45. Bd4 Re6 46. Bxe6 Bxd4 47.
Rg8+ Ke7 48. Rxd8 Kxd8 49. Bxf7 f3 50. Bh5 f2 51. Be2 Bf6 52. h5 Kc7 53. Kd3 Bg5
54. b3 Kb6 55. c4 bxc4+ 56. Kxc4 h6 57. b4 a5 58. b5 Bf6 59. a4 Bg5 60. Kd5 Bc1
61. Bf1 Bg5 62. Ke4 1/2-1/2

[Event "World Blitz 2025"]
[Site "Doha QAT"]
[Date "2025.12.29"]
[Round "12.41"]
[White "Gholami Orimi, Mahdi"]
[Black "Ivanchuk, Vasyl"]
[Result "1-0"]
[WhiteTitle "GM"]
[BlackTitle "GM"]
[WhiteElo "2515"]
[BlackElo "2607"]
[WhiteFideId "12558486"]
[BlackFideId "14100010"]
[EventDate "2025.12.29"]

1. d4 Nf6 2. c4 e6 3. Nc3 Bb4 4. e3 b6 5. Ne2 Ba6 6. Ng3 Bxc3+ 7. bxc3 d5 8.
cxd5 Bxf1 9. Kxf1 Qxd5 10. Qf3 Qc4+ 11. Ne2 Nc6 12. g4 h6 13. Kg2 O-O-O 14. a4
e5 15. Ng3 Rhe8 16. Ba3 e4 17. Qf5+ Kb7 18. Qb5 Qe6 19. h3 Na5 20. Qe2 Nc4 21.
a5 h5 22. axb6 cxb6 23. Nf5 hxg4 24. Nxg7 gxh3+ 25. Kf1 Qc8 26. Nxe8 Rxe8 27.
Bc1 Nd5 28. Qh5 Qe6 29. Qxh3 f5 30. Qh6 Qd7 31. Qg6 Re7 32. Rh5 Rf7 33. Qg8 a5
34. Rh8 Nc7 35. Rb1 Rg7 36. Qxc4 f4 37. Rh6 Nd5 38. Qb5 Rg1+ 1-0

[Event "World Blitz 2025"]
[Site "Doha QAT"]
[Date "2025.12.29"]
[Round "12.42"]
[White "Lobanov, Sergei"]
[Black "Dominguez Perez, Leinier"]
[Result "1/2-1/2"]
[WhiteTitle "GM"]
[BlackTitle "GM"]
[WhiteElo "2527"]
[BlackElo "2738"]
[WhiteFideId "24183750"]
[BlackFideId "3503240"]
[EventDate "2025.12.29"]

1. d4 d5 2. c4 c6 3. cxd5 cxd5 4. Bf4 Nc6 5. e3 Nf6 6. Bb5 Bf5 7. Nc3 e6 8. Nf3
Nd7 9. O-O Be7 10. Rc1 g5 11. Be5 Rg8 12. Nd2 Ncxe5 13. dxe5 Kf8 14. Bxd7 Qxd7
15. Nb3 Rc8 16. e4 Rxc3 17. Rxc3 Bxe4 18. Nc5 Bxc5 19. Rxc5 Kg7 20. Qd2 h6 21.
Rfc1 d4 22. R5c4 Rd8 23. Rd1 Bxg2 24. Rxd4 Bd5 25. h4 Qe7 26. Kh2 f5 27. exf6+
Qxf6 28. Qe3 Rf8 29. R1d2 Qf5 30. Qg3 Rc8 31. Rxd5 exd5 32. Qd6 Rc4 33. Qe7+ Kg6
34. Qe8+ Kg7 35. Qe7+ Qf7 36. Qxf7+ Kxf7 37. hxg5 hxg5 38. Rxd5 Ke6 39. Rxg5 Rc2
40. Rb5 1/2-1/2

[Event "World Blitz 2025"]
[Site "Doha QAT"]
[Date "2025.12.29"]
[Round "12.43"]
[White "Santos Latasa, Jaime"]
[Black "Oro, Faustino"]
[Result "0-1"]
[WhiteTitle "GM"]
[BlackTitle "IM"]
[WhiteElo "2616"]
[BlackElo "2503"]
[WhiteFideId "2293307"]
[BlackFideId "20000197"]
[EventDate "2025.12.29"]

1. e4 c6 2. d4 d5 3. e5 Bf5 4. Nf3 e6 5. c3 c5 6. Be3 Qb6 7. Qc1 Nd7 8. Nbd2 Rc8
9. Nb3 Qc7 10. dxc5 Nxc5 11. Bb5+ Nd7 12. O-O a6 13. Be2 Ne7 14. Re1 Bg4 15.
Nbd4 Bxf3 16. Nxf3 Nf5 17. Bf4 Bc5 18. Bd3 Ne7 19. Qc2 h6 20. Rad1 Bb6 21. Qe2
Nc5 22. Bc2 Ng6 23. Bc1 Qe7 24. g3 O-O 25. h4 Rfd8 26. Kg2 Nd7 27. h5 Ngf8 28.
Bf4 Nh7 29. Qd3 Ndf8 30. Bc1 Qc7 31. Bb3 Bc5 32. Qe2 Be7 33. Nd4 Bc5 34. Qg4 Kh8
35. Rd3 Qe7 36. f4 b5 37. a3 Nd7 38. Rdd1 Bxd4 39. cxd4 a5 40. Bd2 b4 41. axb4
axb4 42. Qe2 Nb6 43. Rc1 Nc4 44. Bxc4 dxc4 45. Rxc4 Qb7+ 46. Kf2 Rxc4 47. Qxc4
b3 48. Rc1 Nf8 49. Bb4 Qe4 50. Re1 Qf5 51. Qe2 Nd7 52. Bd6 Nb6 53. Bc7 Rc8 54.
Rc1 Nd5 55. Qa6 Rxc7 56. Rxc7 Nxc7 57. Qc8+ Kh7 58. Qxc7 Qc2+ 0-1

[Event "World Blitz 2025"]
[Site "Doha QAT"]
[Date "2025.12.29"]
[Round "12.44"]
[White "Ibarra Jerez, Jose Carlos"]
[Black "Hong, Andrew"]
[Result "1/2-1/2"]
[WhiteTitle "GM"]
[BlackTitle "GM"]
[WhiteElo "2532"]
[BlackElo "2568"]
[WhiteFideId "2226332"]
[BlackFideId "2099438"]
[EventDate "2025.12.29"]

1. e4 c6 2. Nf3 d5 3. d3 Qc7 4. exd5 cxd5 5. c4 Nf6 6. Nc3 e6 7. a3 Be7 8. g3
O-O 9. Qe2 Nc6 10. Bg2 d4 11. Ne4 a5 12. O-O Nd7 13. Rb1 a4 14. Re1 h6 15. Ned2
Nc5 16. b4 axb3 17. Nxb3 Na4 18. Qc2 Qd8 19. Ra1 Nc5 20. Ne5 Bd7 21. Nxc6 Bxc6
22. Bxc6 bxc6 23. Nxc5 Bxc5 24. a4 Bb4 25. Bd2 Bxd2 26. Qxd2 Qa5 27. Qb2 c5 28.
Reb1 Rfc8 29. Qc1 Qc7 30. Rb5 Ra5 31. Qb2 Rca8 32. Qb3 Qc6 33. Rxa5 Rxa5 34.
Qb8+ Kh7 35. Qb3 g5 36. Qd1 Kg7 37. Qc2 h5 38. Qd1 Kg6 39. Ra2 Qb7 40. Ra1 Qb2
41. Rb1 Qa2 42. Ra1 Qb2 43. Rb1 Qa3 44. Ra1 Qb4 45. Kg2 g4 46. Qe2 Qb7+ 47. Kg1
Qc6 48. Qd1 Qb7 49. Qe2 Qc6 50. Qd1 Kg7 51. Qe1 Qc7 52. Qe4 Qd6 53. Qb7 Kg6 54.
Qc8 Kg7 55. Qb7 Kg6 56. Kg2 Qe5 57. Qc8 Kg7 58. Qb7 Qe2 59. Qb6 Qf3+ 60. Kg1 Qa8
61. Qd6 Rxa4 62. Rxa4 Qxa4 63. Qe5+ Kg6 64. Qe4+ Kg7 65. Qe5+ Kg6 66. Qe4+ Kf6
67. Qf4+ Ke7 68. Qc7+ Kf6 69. Qf4+ Kg6 70. Qe4+ 1/2-1/2

[Event "World Blitz 2025"]
[Site "Doha QAT"]
[Date "2025.12.29"]
[Round "12.45"]
[White "Shimanov, Aleksandr"]
[Black "Samunenkov, Ihor"]
[Result "0-1"]
[WhiteTitle "GM"]
[BlackTitle "GM"]
[WhiteElo "2578"]
[BlackElo "2584"]
[WhiteFideId "4198603"]
[BlackFideId "14187086"]
[EventDate "2025.12.29"]

1. d4 d5 2. Nf3 e6 3. e3 Nf6 4. Bd3 Be7 5. b3 b6 6. Bb2 Bb7 7. Nbd2 O-O 8. O-O
Nbd7 9. c4 c5 10. Qe2 Ne4 11. cxd5 exd5 12. Rfd1 Bf6 13. Ne5 cxd4 14. exd4 Nxd2
15. Qxd2 a6 16. Bf5 Nxe5 17. dxe5 Bg5 18. Qd4 Re8 19. Qg4 Bc8 20. Rd3 Bh6 21.
Rad1 Be6 22. f4 Rc8 23. Bxe6 fxe6 24. f5 Rc2 25. Bd4 exf5 26. Qxf5 Qg5 27. Qf3
Rf8 28. Qxd5+ Kh8 29. h3 b5 30. Qe4 Rxa2 31. Rc3 Re8 32. Rf1 Qg6 33. Qd5 Rd2 34.
Rc7 Be3+ 35. Kh1 Bxd4 36. Qd7 Qxg2# 0-1

[Event "World Blitz 2025"]
[Site "Doha QAT"]
[Date "2025.12.29"]
[Round "12.46"]
[White "Vokhidov, Shamsiddin"]
[Black "Maksimovic, Bojan"]
[Result "1/2-1/2"]
[WhiteTitle "GM"]
[BlackTitle "GM"]
[WhiteElo "2641"]
[BlackElo "2533"]
[WhiteFideId "14204223"]
[BlackFideId "14408120"]
[EventDate "2025.12.29"]

1. e4 e6 2. d4 d5 3. Nc3 Bb4 4. e5 c5 5. Bd2 Ne7 6. a3 Bxc3 7. Bxc3 b6 8. h4 Ba6
9. Bxa6 Nxa6 10. h5 Nb8 11. f4 Nf5 12. Nf3 Ng3 13. Rh3 Ne4 14. Nd2 Nxc3 15. Rxc3
Qh4+ 16. g3 Qh1+ 17. Nf1 Qe4+ 18. Re3 Qxd4 19. Qxd4 cxd4 20. Rd3 Nc6 21. Nd2 f6
22. exf6 gxf6 23. c3 dxc3 24. bxc3 O-O-O 25. Rd1 Rd7 26. Ne4 Rf8 27. c4 d4 28.
Ke2 Kc7 29. g4 e5 30. Rf3 Rdf7 31. Rdf1 f5 32. fxe5 d3+ 33. Kd2 Nxe5 34. Rxf5
Rxf5 35. Rxf5 Rxf5 36. gxf5 h6 37. Kc3 Kd7 38. Nf6+ Ke7 39. Ne4 Kf7 40. Kd4 d2
41. Nxd2 Kf6 42. Ne4+ Kxf5 43. Nd6+ Kf4 44. Nc8 Ng4 45. Nxa7 Nf6 46. Nc8 Nxh5
47. Nxb6 Ng7 48. a4 h5 49. Nd5+ Kf3 50. a5 Ne6+ 51. Ke5 Nc5 52. Nf4 h4 53. Nh3
Kg3 54. Ng5 Kg4 55. Kf6 Na6 56. Ne4 Kf4 57. Nf2 Kg3 58. Ne4+ Kf4 59. Ng5 Kg4 60.
Kg6 Nc5 61. Kf6 Na6 62. Ne4 Kf4 63. Nf2 Kg3 64. Ne4+ Kf4 65. Ng5 Kg4 66. Kg6 1/2-1/2

[Event "World Blitz 2025"]
[Site "Doha QAT"]
[Date "2025.12.29"]
[Round "12.47"]
[White "Kevlishvili, Robby"]
[Black "Drygalov, Sergey"]
[Result "0-1"]
[WhiteTitle "GM"]
[BlackTitle "GM"]
[WhiteElo "2527"]
[BlackElo "2571"]
[WhiteFideId "1040634"]
[BlackFideId "24171743"]
[EventDate "2025.12.29"]

1. e4 c5 2. Nf3 d6 3. d4 cxd4 4. Nxd4 Nf6 5. Nc3 a6 6. g3 e5 7. Nb3 Be7 8. Bg2
O-O 9. O-O Be6 10. a4 Nbd7 11. Re1 Qb8 12. h3 Rc8 13. Be3 Qc7 14. a5 b5 15. axb6
Nxb6 16. Na5 Nc4 17. Nxc4 Bxc4 18. b3 Bxb3 19. cxb3 Qxc3 20. Bf1 a5 21. Ra4 Qc7
22. Bc4 h6 23. Qf3 Bd8 24. Rea1 Qd7 25. Kg2 Qb7 26. Bd2 Rab8 27. Re1 Ra8 28. h4
Qd7 29. Rea1 Qb7 30. Re1 Qd7 31. Qd3 Bb6 32. Rea1 Bd4 33. R1a2 d5 34. exd5 Nxd5
35. Rxa5 Rxa5 36. Rxa5 Nb6 37. Ba6 Ra8 38. Qf3 Qe7 39. b4 Rd8 40. Be3 Qxb4 41.
Rb5 Qd6 42. Bd2 Qe6 43. Ba5 Rd6 44. Bb4 Rd8 45. Ba5 Rd6 46. Bb4 Rd7 47. Ba5 e4
48. Qb3 Qxb3 49. Rxb3 Nd5 50. Rb8+ Kh7 51. Bb5 Ra7 52. Be1 Nf6 53. Bc4 g6 54.
Rd8 Bb6 55. Bc3 Bxd8 0-1

[Event "World Blitz 2025"]
[Site "Doha QAT"]
[Date "2025.12.29"]
[Round "12.48"]
[White "Zemlyanskii, Ivan"]
[Black "Tsaruk, Maksim"]
[Result "1-0"]
[WhiteTitle "GM"]
[BlackTitle "GM"]
[WhiteElo "2592"]
[BlackElo "2515"]
[WhiteFideId "24249971"]
[BlackFideId "13511173"]
[EventDate "2025.12.29"]

1. d4 Nf6 2. c4 e6 3. Nc3 Bb4 4. e3 b6 5. Bd3 Bb7 6. Nf3 Bxc3+ 7. bxc3 O-O 8.
O-O d6 9. Nd2 c5 10. e4 Nc6 11. Nb3 e5 12. d5 Ne7 13. a4 Ng6 14. g3 Bc8 15. f3
h6 16. Be3 Nh7 17. Qc2 Ne7 18. Nd2 f5 19. f4 exf4 20. Bxf4 Nf6 21. exf5 Nh5 22.
Be3 Nf6 23. Rae1 Bd7 24. Bf4 Nc8 25. Nf3 Nh5 26. Bd2 Ne7 27. Nh4 Rf7 28. Qd1 Nf6
29. Bf4 Bc8 30. g4 a6 31. Ng6 Nxg6 32. fxg6 Rf8 33. g5 hxg5 34. Bxg5 b5 35. Bxf6
Rxf6 36. Qh5 Bd7 37. Qh7+ 1-0

[Event "World Blitz 2025"]
[Site "Doha QAT"]
[Date "2025.12.29"]
[Round "12.49"]
[White "Muradli, Mahammad"]
[Black "Droin, Augustin"]
[Result "1-0"]
[WhiteTitle "GM"]
[BlackTitle "IM"]
[WhiteElo "2581"]
[BlackElo "2480"]
[WhiteFideId "13409301"]
[BlackFideId "45105987"]
[EventDate "2025.12.29"]

1. d4 d5 2. c4 e6 3. Nf3 Nf6 4. g3 Bb4+ 5. Bd2 a5 6. Qc2 O-O 7. Bg2 c5 8. dxc5
d4 9. O-O Nc6 10. Bg5 h6 11. Bxf6 Qxf6 12. Nbd2 Qe7 13. a3 Bxc5 14. Ne1 e5 15.
Nd3 Bb6 16. c5 Bc7 17. b4 Bf5 18. b5 Nd8 19. Ne4 Rc8 20. Rac1 Ne6 21. Qc4 Rfd8
22. c6 bxc6 23. bxc6 Qxa3 24. Nec5 Nxc5 25. Nxc5 Qb4 26. Qa2 Re8 27. Rc4 Qb5 28.
Rfc1 Re7 29. Qa1 Ra8 30. Be4 Bg4 31. Qa2 Rb8 32. Rb1 Qxb1+ 33. Bxb1 Rxb1+ 34.
Qxb1 Bxe2 35. Rc1 Bf3 36. Na6 1-0

[Event "World Blitz 2025"]
[Site "Doha QAT"]
[Date "2025.12.29"]
[Round "12.50"]
[White "Movahed, Sina"]
[Black "Sychev, Klementy"]
[Result "1-0"]
[WhiteTitle "GM"]
[BlackTitle "GM"]
[WhiteElo "2596"]
[BlackElo "2517"]
[WhiteFideId "42520835"]
[BlackFideId "4114060"]
[EventDate "2025.12.29"]

1. e4 e5 2. Nf3 Nc6 3. Bb5 a6 4. Ba4 Nge7 5. Nc3 Ng6 6. h4 Nf4 7. d4 exd4 8.
Nxd4 Nxg2+ 9. Kf1 Nxh4 10. Nd5 Ng6 11. Nf5 d6 12. Qh5 Be6 13. Bg5 f6 14. Be3 Qd7
15. Nd4 Bf7 16. Qe2 Be7 17. Nf5 Bf8 18. c4 O-O-O 19. b4 Qe6 20. b5 axb5 21. Bc2
Qe5 22. Rb1 b4 23. f4 Qe8 24. a3 b3 25. Rxb3 Nge7 26. Nfxe7+ Nxe7 27. Rb4 Qc6
28. Ba4 Qa6 29. Bb5 Qxa3 30. Ra4 1-0